Loading...
| History - World | 0 | 4 | 2 | 2 | 30 | 49 | 87.00 | 1 | 2 | 13.34 | 21.00 |
| Mythology | 0 | 2 | 0 | 1 | 20 | 81 | 107.00 | 0 | 0 | 2.21 | 2.83 |
| History - Other | 0 | 2 | 0 | 0 | 20 | 112 | 123.50 | 0 | 0 | 1.74 | 6.17 |
| History - American | 0 | 2 | 1 | 0 | 15 | 61 | 79.00 | 0 | 1 | 7.09 | 13.00 |
| History - European | 0 | 2 | 1 | 1 | 15 | 120 | 122.00 | 0 | 0 | 1.27 | 10.00 |
| Social Science | 0 | 1 | 0 | 0 | 10 | 34 | 34.00 | 1 | 1 | 6.79 | 9.17 |
| Literature - American | 0 | 1 | 0 | 0 | 10 | 30 | 30.00 | 1 | 1 | 8.00 | 10.00 |
| Current Events | 0 | 1 | 0 | 0 | 10 | 13 | 13.00 | 1 | 1 | 29.95 | 33.33 |
| Popular Culture | 0 | 1 | 1 | 1 | 5 | 143 | 143.00 | 0 | 0 | 0.00 | 3.33 |
| Science - Chemistry | 0 | 0 | 0 | 0 | 0 | 0.00 | 0 | 0 | 0.00 | 0.00 | |
| Religion | 0 | 0 | 1 | 0 | -5 | 0.00 | 0 | 0 | 0.00 | 0.00 | |
| Science - Physics | 0 | 0 | 1 | 0 | -5 | 0.00 | 0 | 0 | 0.00 | 0.00 | |
| Fine Arts - Other | 0 | 1 | 3 | 1 | -5 | 130 | 130.00 | 0 | 0 | 0.00 | 3.00 |